[Event "Bergen Chess International"]
[Site "Bergen NOR"]
[Date "2001.08.09"]
[EventDate "2001.08.04"]
[Round "6"]
[Result "1/2-1/2"]
[White "Steffen Pedersen"]
[Black "Arnar Gunnarsson"]
[WhiteElo "2453"]
[BlackElo "2263"]
[PlyCount "120"]

1. d4 f5 2. Nc3 e6 3. e4 fxe4 4. Nxe4 Be7 5. Bd3 Nf6 6. Ng3 c5
7. dxc5 Bxc5 8. Nh3 d5 9. O-O e5 10. Nh5 Bxh3 11. Nxf6+ Qxf6
12. Qh5+ g6 13. Qxh3 O-O 14. Be3 Bb6 15. c4 e4 16. Bc2 dxc4
17. Bxe4 Nc6 18. Bd5+ Kh8 19. Bxc4 Qxb2 20. Rab1 Qc3 21. Rbc1
Qb2 22. Bxb6 axb6 23. Qc3+ Qxc3 24. Rxc3 b5 25. Bb3 Nd4
26. Re1 Nxb3 27. axb3 Rf7 28. Rce3 Ra2 29. f3 Rb2 30. R1e2
Rb1+ 31. Kf2 Kg7 32. Kg3 Rc7 33. Re7+ Rxe7 34. Rxe7+ Kh6
35. Re3 b4 36. f4 Rb2 37. Kf3 b5 38. h3 Rc2 39. g4 Kg7 40. Ke4
Kf7 41. Kd3 Rc6 42. Kd4 Kf6 43. Re5 Rc3 44. g5+ Kf7 45. Rxb5
Rxb3 46. Rb7+ Kg8 47. Rb8+ Kg7 48. Rb7+ Kg8 49. Ke5 Ra3
50. Rxb4 Ra5+ 51. Ke4 Ra3 52. Rb8+ Kg7 53. Rb7+ Kg8 54. h4 Rh3
55. Ke5 Rxh4 56. f5 Ra4 57. f6 Ra6 58. Rd7 Kf8 59. Rd6 Ra1
60. Rd8+ Kf7 1/2-1/2

[Event "Bergen Chess International"]
[Site "Bergen NOR"]
[Date "2001.08.09"]
[EventDate "2001.08.04"]
[Round "6"]
[Result "0-1"]
[White "Joanna Zimny"]
[Black "Mark Weighell"]
[WhiteElo "2087"]
[BlackElo "2119"]
[PlyCount "70"]

1. d4 Nf6 2. Nf3 b6 3. Bf4 e6 4. e3 Be7 5. Bd3 Nh5 6. Bg3 Bb7
7. Nbd2 d6 8. c3 Nd7 9. Qe2 a6 10. O-O-O c5 11. Ne4 c4 12. Bc2
Nxg3 13. hxg3 d5 14. Ned2 b5 15. e4 Qa5 16. exd5 Bxd5 17. Be4
Nf6 18. Bxd5 Nxd5 19. Kc2 Nxc3 20. Nxc4 Qxa2 21. Kxc3 Rc8
22. Nfd2 Qa5+ 23. Kc2 bxc4 24. Ra1 Qb5 25. Rh5 Qb6 26. Qe3 Bf6
27. Nf3 g6 28. Rha5 Rb8 29. Qc3 O-O 30. Rxa6 Qb7 31. R6a4 Qe4+
32. Kc1 Rfc8 33. Qe3 Qf5 34. R4a3 Rb3 35. Qd2 c3 0-1

[Event "Bergen Chess International"]
[Site "Bergen NOR"]
[Date "2001.08.09"]
[EventDate "2001.08.04"]
[Round "6"]
[Result "0-1"]
[White "Henrik Sorensen"]
[Black "Flemming Christenson"]
[WhiteElo "2245"]
[BlackElo "2218"]
[PlyCount "80"]

1. c4 b6 2. Nc3 Bb7 3. e4 e6 4. g3 f5 5. Bg2 Nf6 6. Nge2 fxe4
7. d3 Bc5 8. dxe4 O-O 9. O-O Ng4 10. Nf4 Ne5 11. b3 Nbc6
12. Bb2 Qf6 13. Nce2 Qh6 14. Nc1 Rf7 15. Ncd3 d6 16. Nxc5 bxc5
17. Nd3 Nxd3 18. Qxd3 e5 19. Bc1 Qh5 20. f4 Nd4 21. Rf2 Raf8
22. Be3 exf4 23. gxf4 Qg4 24. Raf1 Re8 25. Kh1 Rfe7 26. Rg1
Rxe4 27. Bxd4 Rxd4 28. Qxd4 Qxg2+ 29. Rfxg2 cxd4 30. h3 Kf7
31. Kh2 Bxg2 32. Rxg2 c5 33. Kg3 Re3+ 34. Kg4 d3 35. Rd2 Kf6
36. a3 a5 37. h4 g6 38. f5 gxf5+ 39. Kf4 Re4+ 40. Kg3 Rd4 0-1

[Event "Bergen Chess International"]
[Site "Bergen NOR"]
[Date "2001.08.09"]
[EventDate "2001.08.04"]
[Round "6"]
[Result "1/2-1/2"]
[White "Bjorn Haveland"]
[Black "Dominika Gorczyca"]
[WhiteElo "2145"]
[BlackElo "2069"]
[PlyCount "41"]

1. d4 Nf6 2. c4 e6 3. Nc3 d5 4. Bg5 Be7 5. Nf3 Nbd7 6. e3 c6
7. Rc1 O-O 8. Bd3 b6 9. O-O Bb7 10. Qc2 Rc8 11. cxd5 cxd5
12. Qe2 h6 13. Bh4 Ne4 14. Bxe7 Qxe7 15. Rc2 Nxc3 16. bxc3 Rc7
17. Rfc1 Rfc8 18. c4 dxc4 19. Rxc4 Rxc4 20. Rxc4 Rxc4 21. Bxc4
1/2-1/2

[Event "Bergen Chess International"]
[Site "Bergen NOR"]
[Date "2001.08.09"]
[EventDate "2001.08.04"]
[Round "6"]
[Result "0-1"]
[White "Miitrei Sorsa"]
[Black "Yves Miellet-Bensan"]
[WhiteElo "2111"]
[BlackElo "2243"]
[PlyCount "74"]

1. c4 f5 2. g3 Nf6 3. Bg2 d6 4. Nc3 e5 5. d3 Be7 6. e4 c6
7. Nge2 O-O 8. O-O Qe8 9. f4 Qh5 10. d4 Na6 11. c5 exd4
12. cxd6 Bxd6 13. Bf3 Ng4 14. Bxg4 Qxg4 15. Nxd4 fxe4 16. Nxe4
Bc7 17. Qb3+ Kh8 18. Ng5 Bb6 19. Be3 h6 20. Nf7+ Kh7 21. Ne5
Qh5 22. Ndf3 Bxe3+ 23. Qxe3 Bh3 24. Rfd1 Nc7 25. Qb3 Nd5
26. Qxb7 Nxf4 27. gxf4 Rxf4 28. Qxc6 Raf8 29. Qc2+ Kg8
30. Qb3+ Kh7 31. Qc2+ Kg8 32. Qb3+ Kh7 33. Rd3 Qxe5 34. Re3
Qf5 35. Re5 Qxe5 36. Re1 Qxe1+ 37. Nxe1 Rf1+ 0-1

[Event "Bergen Chess International"]
[Site "Bergen NOR"]
[Date "2001.08.09"]
[EventDate "2001.08.04"]
[Round "6"]
[Result "0-1"]
[White "Joanna Dworakowska"]
[Black "Olli Salmensuu"]
[WhiteElo "2350"]
[BlackElo "2431"]
[PlyCount "82"]

1. e4 e6 2. d4 d5 3. Nc3 Nf6 4. Bg5 Bb4 5. e5 h6 6. Bd2 Bxc3
7. bxc3 Ne4 8. Qg4 Kf8 9. Bd3 Nxd2 10. Kxd2 c5 11. h4 Nc6
12. Rh3 c4 13. Be2 b5 14. Qf4 a5 15. Bh5 Qe7 16. Rf3 Nd8
17. Ne2 b4 18. Qg4 bxc3+ 19. Nxc3 Rb8 20. Rh1 Rg8 21. Rhh3 Ke8
22. Rf4 g6 23. Qg3 Nc6 24. Bd1 Qa7 25. Qe3 h5 26. g4 hxg4
27. Bxg4 Rh8 28. a4 Ba6 29. Ne2 Rb4 30. Rhf3 c3+ 31. Qxc3 Nd8
32. Rxf7 Nxf7 33. Qc6+ Kf8 34. Bxe6 Rxd4+ 35. Ke1 Rhxh4
36. Qd6+ Kg7 37. Rxf7+ Qxf7 38. Nxd4 Rh1+ 39. Kd2 Qxf2+
40. Kc3 Qe3+ 41. Kb2 Qxd4+ 0-1

[Event "Bergen Chess International"]
[Site "Bergen NOR"]
[Date "2001.08.09"]
[EventDate "2001.08.04"]
[Round "6"]
[Result "0-1"]
[White "Sverre Heim"]
[Black "Aleksei Holmsten"]
[WhiteElo "2371"]
[BlackElo "2436"]
[PlyCount "76"]

1. e4 c5 2. Nf3 Nc6 3. d4 cxd4 4. Nxd4 Nf6 5. Nc3 e5 6. Ndb5
d6 7. Bg5 a6 8. Na3 b5 9. Nd5 Be7 10. Bxf6 Bxf6 11. c3 Ne7
12. Nxf6+ gxf6 13. Bd3 d5 14. Qe2 Bb7 15. O-O-O Qb6 16. f4
O-O-O 17. fxe5 fxe5 18. exd5 Rxd5 19. Be4 Rxd1+ 20. Rxd1 Qh6+
21. Rd2 Rd8 22. Bxb7+ Kxb7 23. Kd1 Rxd2+ 24. Qxd2 Qh5+ 25. Kc1
Kc6 26. g3 Qf3 27. b3 Nd5 28. c4 Ne3 29. cxb5+ axb5 30. Nc2
Nxc2 31. Qxc2+ Kd5 32. Qxh7 e4 33. Qg8 Qc3+ 34. Kb1 e3
35. Qxf7+ Ke4 36. a4 bxa4 37. bxa4 Qe1+ 38. Kc2 Qf2+ 0-1

[Event "Bergen Chess International"]
[Site "Bergen NOR"]
[Date "2001.08.09"]
[EventDate "2001.08.04"]
[Round "6"]
[Result "1-0"]
[White "Bjorn Erik Glenne"]
[Black "Jan Vidar Vestly"]
[WhiteElo "2223"]
[BlackElo "2109"]
[PlyCount "109"]

1. d4 Nf6 2. c4 c5 3. d5 b5 4. cxb5 a6 5. f3 d6 6. e4 g6
7. Nc3 Bg7 8. a4 axb5 9. Bxb5+ Nbd7 10. Nge2 O-O 11. O-O Ne8
12. Bg5 Nc7 13. Bc6 Rb8 14. Nb5 Nxb5 15. axb5 Bxb2 16. Ra7 Bg7
17. Qd2 f5 18. Nf4 Nf6 19. exf5 Bxf5 20. Re1 Rf7 21. Qe2 e5
22. dxe6 Rxa7 23. e7 Rxe7 24. Qxe7 Qxe7 25. Rxe7 h6 26. Bxf6
Bxf6 27. Ra7 c4 28. Kf1 c3 29. Ke2 c2 30. Kd2 Bg5 31. g3 Kf8
32. Ra8 Rxa8 33. Bxa8 Ke8 34. Be4 Bxf4+ 35. gxf4 Kd8 36. Kxc2
Kc7 37. Kc3 Bd7 38. Bd3 Be8 39. Kd4 Bf7 40. h4 Kb6 41. Ke4 Kc5
42. f5 d5+ 43. Kf4 gxf5 44. Kxf5 d4 45. Ke5 Bc4 46. b6 Bd5
47. f4 Bc6 48. Be4 Kxb6 49. Bxc6 Kxc6 50. Kxd4 Kd6 51. f5 Kd7
52. Ke5 Ke7 53. f6+ Ke8 54. Kf5 Kf7 55. h5 1-0

[Event "Bergen Chess International"]
[Site "Bergen NOR"]
[Date "2001.08.09"]
[EventDate "2001.08.04"]
[Round "6"]
[Result "1-0"]
[White "Lars Schandorff"]
[Black "Svein Johannessen"]
[WhiteElo "2551"]
[BlackElo "2269"]
[PlyCount "93"]

1. d4 e6 2. c4 f5 3. g3 Nf6 4. Bg2 c6 5. Qc2 d5 6. Nh3 Be7
7. O-O O-O 8. Nd2 Ng4 9. Nf3 Nh6 10. Bxh6 gxh6 11. Qd2 Rf6
12. Rac1 Nd7 13. Nf4 Bd6 14. Qe3 Nf8 15. Nh5 Rg6 16. Ne5 Bxe5
17. Qxe5 Nd7 18. Qe3 Nf6 19. Nf4 Ng4 20. Qd2 Rg7 21. b4 Bd7
22. b5 Kh8 23. bxc6 bxc6 24. Rb1 Nf6 25. Qb4 Qb6 26. Qd2 Qa6
27. c5 Rag8 28. Rb3 h5 29. h4 Rg4 30. Rfb1 Bc8 31. Qe3 Ne4
32. Ra3 Qc4 33. Qd3 e5 34. Qxc4 dxc4 35. dxe5 Nxc5 36. Rxa7
Ne6 37. Nxh5 Rd8 38. Bh3 c3 39. Rc1 Nd4 40. Bxg4 fxg4 41. Kf1
Bf5 42. Rxc3 Nb5 43. Rca3 Nxa7 44. Rxa7 Bg6 45. Nf6 Rd1+
46. Kg2 Re1 47. h5 1-0

[Event "Bergen Chess International"]
[Site "Bergen NOR"]
[Date "2001.08.09"]
[EventDate "2001.08.04"]
[Round "6"]
[Result "1/2-1/2"]
[White "Geir Sune Tallaksen Ostmoe"]
[Black "Detlef Pluemer"]
[WhiteElo "2239"]
[BlackElo "2168"]
[PlyCount "113"]

1. d4 Nf6 2. c4 e6 3. Nf3 Bb4+ 4. Nbd2 O-O 5. a3 Bxd2+ 6. Bxd2
Ne4 7. g3 d6 8. Be3 Nd7 9. Bg2 f5 10. Nd2 Ndf6 11. Qc2 Nxd2
12. Bxd2 e5 13. dxe5 dxe5 14. O-O e4 15. f3 Be6 16. b3 c6
17. fxe4 Nxe4 18. Be3 Re8 19. Rad1 Qa5 20. Bxe4 fxe4 21. a4
Bh3 22. Rf4 Rad8 23. Bd2 Qe5 24. e3 Rd3 25. Bc1 Red8 26. Rxd3
Rxd3 27. Rf2 Qa1 28. Rd2 Qf6 29. Qd1 Rxd2 30. Bxd2 Qb2 31. Kf2
h5 32. b4 Bg4 33. Qc1 Qf6+ 34. Kg1 Bh3 35. Qd1 Qf7 36. Qe2 Bg4
37. Qf1 Qd7 38. Qe1 Qd3 39. c5 a5 40. bxa5 Qc2 41. Qc1 Qxa4
42. Kf2 Qb3 43. Qe1 Bh3 44. Kg1 Qc4 45. Bb4 Kh8 46. Kf2 Bg4
47. Kg1 Bf3 48. Kf2 Kh7 49. Qd2 Qe6 50. Kg1 Qc4 51. Kf2 Qb3
52. Kg1 Qb1+ 53. Qe1 Qxe1+ 54. Bxe1 Kg8 55. Bc3 Kf7 56. Be5
Ke6 57. Bc7 1/2-1/2

[Event "Bergen Chess International"]
[Site "Bergen NOR"]
[Date "2001.08.09"]
[EventDate "2001.08.04"]
[Round "6"]
[Result "1/2-1/2"]
[White "Stellan Brynell"]
[Black "Kjetil A Lie"]
[WhiteElo "2486"]
[BlackElo "2347"]
[PlyCount "144"]

1. e4 c5 2. Nf3 a6 3. c3 d5 4. exd5 Nf6 5. d4 cxd4 6. cxd4
Nxd5 7. Nc3 Nxc3 8. bxc3 Qc7 9. Bd2 Bg4 10. h3 Bf5 11. Be2 e6
12. O-O Bd6 13. c4 O-O 14. Qb3 Nc6 15. Rac1 Qe7 16. Rfe1 Qd7
17. Bc3 Ne7 18. Bf1 Rac8 19. Nh4 Rfe8 20. a4 Bb8 21. a5 h6
22. Qb2 f6 23. Qe2 g5 24. Nxf5 Nxf5 25. Qh5 Qf7 26. Qf3 Nh4
27. Qe4 f5 28. Qd3 Ng6 29. g3 h5 30. d5 e5 31. Rb1 h4 32. Bg2
e4 33. Qd2 hxg3 34. Qxg5 gxf2+ 35. Kxf2 Ba7+ 36. Kf1 Re7
37. h4 Kf8 38. Bf6 Rd7 39. h5 Ne7 40. Qh6+ Ke8 41. Bxe4 fxe4
42. Rxe4 Bc5 43. Ke2 Qg8 44. Qg7 Qxg7 45. Bxg7 Kf7 46. Rg4 Kg8
47. Rf1 Nc6 48. Bd4+ Kh7 49. Bxc5 Nxa5 50. Bd4 Nxc4 51. h6
Re8+ 52. Kd1 Ne3+ 53. Bxe3 Rxe3 54. Rf5 Rh3 55. Kc2 Kxh6
56. Rf8 Rh5 57. Rh8+ Rh7 58. Rd8 Rg7 59. Rh8+ Rh7 60. Rhg8
Rxd5 61. Rg1 Rc7+ 62. Kb3 Kh7 63. R8g4 Rh5 64. Kb4 b6 65. Ka4
Ra7 66. R1g2 Rh3 67. Rg1 Rf7 68. Kb4 Rf6 69. Ka4 Kh6 70. Kb4
Rf5 71. Rg6+ Kh5 72. Rxb6 Rb5+ 1/2-1/2

[Event "Bergen Chess International"]
[Site "Bergen NOR"]
[Date "2001.08.09"]
[EventDate "2001.08.04"]
[Round "6"]
[Result "0-1"]
[White "Jesper Morch Lauridsen"]
[Black "Linus Olsson"]
[WhiteElo "2223"]
[BlackElo "2196"]
[PlyCount "112"]

1. e4 c5 2. Nf3 d6 3. d4 cxd4 4. Nxd4 Nf6 5. Nc3 a6 6. Bc4 e6
7. Bb3 Nbd7 8. f4 Nc5 9. Qf3 Be7 10. O-O O-O 11. f5 e5
12. Nde2 Nxb3 13. axb3 b5 14. Be3 Bb7 15. Rad1 Rc8 16. Rd2 Qa5
17. g4 d5 18. g5 Nxe4 19. Nxd5 Bxd5 20. Rxd5 Nxg5 21. Qg4 f6
22. Rd7 Qb4 23. Qxb4 Bxb4 24. c3 Bc5 25. Bxc5 Rxc5 26. Rfd1 g6
27. Ng3 Rf7 28. R7d6 Kg7 29. Rxa6 h5 30. Kg2 h4 31. fxg6 Kxg6
32. Nf1 Kf5 33. Ne3+ Ke4 34. Ng4 f5 35. Nf2+ Ke3 36. Rad6 e4
37. Re1+ Kf4 38. Rd4 Nf3 39. Nd3+ Kg5 40. Nxc5 Nxe1+ 41. Kf2
Nf3 42. Rd5 Kg4 43. c4 bxc4 44. bxc4 Re7 45. h3+ Kf4 46. Rd1
e3+ 47. Ke2 Kg3 48. Na4 f4 49. Nc3 Re8 50. Nd5 Rb8 51. b4 Ra8
52. Nc3 Ra3 53. Ne4+ Kg2 54. c5 Ne5 55. Ng5 Ra2+ 56. Ke1 f3
0-1

[Event "Bergen Chess International"]
[Site "Bergen NOR"]
[Date "2001.08.10"]
[EventDate "2001.08.04"]
[Round "7"]
[Result "1/2-1/2"]
[White "Aleksei Holmsten"]
[Black "Olli Salmensuu"]
[WhiteElo "2436"]
[BlackElo "2431"]
[PlyCount "54"]

1. e4 c6 2. d4 d5 3. Nd2 dxe4 4. Nxe4 Bf5 5. Ng3 Bg6 6. Nf3
Nd7 7. Bd3 e6 8. O-O Bd6 9. c4 Ngf6 10. Re1 O-O 11. Bg5 Qc7
12. Bxg6 hxg6 13. Rc1 Rfe8 14. a3 Rad8 15. Ne4 Bf4 16. Bxf4
Qxf4 17. Qc2 Nxe4 18. Rxe4 Qf5 19. Qe2 Qa5 20. h3 Nf6 21. Re5
Qc7 22. b4 Rd7 23. Re1 Red8 24. a4 Qb6 25. Rb1 Qc7 26. Re1 Qb6
27. Rb1 Qc7 1/2-1/2

[Event "Bergen Chess International"]
[Site "Bergen NOR"]
[Date "2001.08.10"]
[EventDate "2001.08.04"]
[Round "7"]
[Result "1/2-1/2"]
[White "Jolanta Guzik"]
[Black "Kevin D White"]
[WhiteElo "2095"]
[BlackElo "2075"]
[PlyCount "60"]

1. c4 Nc6 2. Nc3 e5 3. g3 g6 4. Bg2 Bg7 5. e3 f5 6. Nge2 Nf6
7. d3 d6 8. Rb1 a5 9. a3 Be6 10. Nd5 Qd7 11. b4 axb4 12. axb4
O-O 13. b5 Nd8 14. O-O Rc8 15. Qb3 b6 16. Nec3 Qf7 17. Ra1 e4
18. dxe4 Nxe4 19. Nxe4 Bxa1 20. Ng5 Qg7 21. Nf4 Bf7 22. Nxf7
Rxf7 23. Bd5 g5 24. Ne6 Nxe6 25. Bxe6 Re8 26. Bxf7+ Qxf7
27. Rd1 Be5 28. Kg2 h6 29. Qd3 Bg7 30. Ba3 Qe6 1/2-1/2

[Event "Bergen Chess International"]
[Site "Bergen NOR"]
[Date "2001.08.10"]
[EventDate "2001.08.04"]
[Round "7"]
[Result "1/2-1/2"]
[White "Edmund Soh"]
[Black "Havard Holder"]
[WhiteElo "2104"]
[BlackElo "2027"]
[PlyCount "45"]

1. e4 e6 2. d4 d5 3. e5 c5 4. c3 Nc6 5. Nf3 Qb6 6. a3 Bd7
7. b4 cxd4 8. cxd4 Rc8 9. Be3 Nh6 10. Bd3 Ng4 11. O-O Nxe3
12. fxe3 Be7 13. Nbd2 Nb8 14. Qe2 Ba4 15. Rac1 O-O 16. h4 Rxc1
17. Rxc1 Qd8 18. g3 Nd7 19. Kg2 f6 20. exf6 Bxf6 21. Bb5 Bxb5
22. Qxb5 Nb6 23. Qc5 1/2-1/2

[Event "Bergen Chess International"]
[Site "Bergen NOR"]
[Date "2001.08.10"]
[EventDate "2001.08.04"]
[Round "7"]
[Result "1/2-1/2"]
[White "Mark Weighell"]
[Black "Hallvard Voll Adnoy"]
[WhiteElo "2119"]
[BlackElo "2197"]
[PlyCount "27"]

1. e4 e5 2. Nf3 d6 3. Bc4 c6 4. Bb3 Be7 5. d4 Nd7 6. c3 Ngf6
7. Nbd2 O-O 8. O-O h6 9. Re1 Re8 10. Nf1 Bf8 11. Ng3 g6
12. Bd2 Kg7 13. Qc1 Ng8 14. h4 1/2-1/2

[Event "Bergen Chess International"]
[Site "Bergen NOR"]
[Date "2001.08.10"]
[EventDate "2001.08.04"]
[Round "7"]
[Result "1-0"]
[White "Leif Erlend Johannessen"]
[Black "Pontus Carlsson"]
[WhiteElo "2426"]
[BlackElo "2330"]
[PlyCount "67"]

1. d4 e6 2. c4 Nf6 3. Nc3 Bb4 4. e3 c5 5. Bd3 d5 6. Nf3 O-O
7. O-O Nc6 8. a3 Bxc3 9. bxc3 Qc7 10. Bb2 dxc4 11. Bxc4 e5
12. h3 b6 13. Qe2 e4 14. Nd2 Bb7 15. Ba2 cxd4 16. exd4 Rfe8
17. c4 b5 18. cxb5 Nd8 19. Nc4 Ne6 20. Ne5 Rad8 21. Rfd1 Nd5
22. Rac1 Qe7 23. Kh2 Nef4 24. Qxe4 Qg5 25. g3 Ne6 26. h4 Qh5
27. Qg4 Qh6 28. Nc6 Rd7 29. Rc2 Nf6 30. Qf5 Rd6 31. d5 Nc7
32. Be5 Bc8 33. Ne7+ Rxe7 34. Qxc8+ 1-0

[Event "Bergen Chess International"]
[Site "Bergen NOR"]
[Date "2001.08.10"]
[EventDate "2001.08.04"]
[Round "7"]
[Result "1/2-1/2"]
[White "Terje Karlsen"]
[Black "Fredrik Andersson"]
[WhiteElo "2068"]
[BlackElo "2173"]
[PlyCount "51"]

1. d4 d5 2. c4 c6 3. Nf3 Nf6 4. Nc3 e6 5. Bg5 h6 6. Bxf6 Qxf6
7. e3 Nd7 8. Bd3 dxc4 9. Bxc4 g6 10. O-O Bg7 11. e4 e5 12. d5
Nb6 13. Bb3 O-O 14. h3 Rd8 15. Qe2 Bd7 16. Rad1 Be8 17. Rd2 h5
18. Qe3 Bf8 19. Rfd1 c5 20. Ra1 Rac8 21. a4 c4 22. Bc2 Bc5
23. Qh6 Bf8 24. Qe3 Bc5 25. Qh6 Bf8 26. Qe3 1/2-1/2

[Event "Bergen Chess International"]
[Site "Bergen NOR"]
[Date "2001.08.10"]
[EventDate "2001.08.04"]
[Round "7"]
[Result "1/2-1/2"]
[White "Artur Mikhailovich Kogan"]
[Black "Evgenij Romanovich Agrest"]
[WhiteElo "2517"]
[BlackElo "2529"]
[PlyCount "66"]

1. d4 Nf6 2. Nf3 e6 3. c4 b6 4. Nc3 Bb4 5. Qb3 c5 6. Bg5 Bb7
7. e3 h6 8. Bh4 Nc6 9. a3 Na5 10. Qc2 Bxc3+ 11. Qxc3 Bxf3
12. gxf3 cxd4 13. exd4 Rc8 14. Rc1 Nxc4 15. Bxc4 b5 16. b3
bxc4 17. bxc4 Nd5 18. Bxd8 Nxc3 19. Rxc3 Kxd8 20. Kd2 Rb8
21. Kc2 Kc7 22. Re1 Rb6 23. Rb3 Rxb3 24. Kxb3 Rb8+ 25. Kc2 d6
26. f4 Kc6 27. h4 g6 28. Re3 h5 29. Rg3 Rb6 30. Rg5 Ra6
31. Kb3 Rb6+ 32. Kc2 Ra6 33. Kb3 Rb6+ 1/2-1/2

[Event "Bergen Chess International"]
[Site "Bergen NOR"]
[Date "2001.08.10"]
[EventDate "2001.08.04"]
[Round "7"]
[Result "0-1"]
[White "Detlef Pluemer"]
[Black "Bosse Lindberg"]
[WhiteElo "2168"]
[BlackElo "2248"]
[PlyCount "94"]

1. d4 Nf6 2. Nf3 e6 3. c4 b6 4. e3 Bb7 5. Bd3 Bb4+ 6. Bd2
Bxd2+ 7. Nbxd2 d6 8. Qc2 Nbd7 9. O-O Qe7 10. Ng5 c5 11. Nge4
O-O 12. dxc5 Nxc5 13. Nxc5 dxc5 14. Rfd1 Rad8 15. Ne4 Nxe4
16. Bxe4 Bxe4 17. Qxe4 Rd6 18. Rxd6 Qxd6 19. Qc2 Rd8 20. h3 g6
21. Re1 h5 22. h4 Qd2 23. Re2 Qd1+ 24. Qxd1 Rxd1+ 25. Kh2 Kf8
26. Rc2 a5 27. g3 e5 28. Kg2 e4 29. Rc3 a4 30. Ra3 Rd2
31. Rxa4 Rxb2 32. a3 Kg7 33. Ra6 Rb1 34. Kh2 Kf6 35. a4 Rb4
36. a5 Rxc4 37. Rxb6+ Ke5 38. Rb8 Ra4 39. Ra8 Kd6 40. Rf8 Rxa5
41. Rxf7 c4 42. Rb7 c3 43. Rb1 c2 44. Rc1 Ra2 45. Kg2 Kd5
46. Kf1 Kc4 47. Ke2 Kc3 0-1

[Event "Bergen Chess International"]
[Site "Bergen NOR"]
[Date "2001.08.10"]
[EventDate "2001.08.04"]
[Round "7"]
[Result "1/2-1/2"]
[White "Arnar Gunnarsson"]
[Black "Berge Ostenstad"]
[WhiteElo "2263"]
[BlackElo "2439"]
[PlyCount "59"]

1. c4 g6 2. g3 Bg7 3. Bg2 e5 4. Nc3 d6 5. h4 Nf6 6. Nf3 c6
7. d3 Nbd7 8. Ng5 Qe7 9. Bf3 h6 10. Nge4 Nxe4 11. dxe4 Nf6
12. b3 O-O 13. a4 a5 14. Ba3 Rd8 15. Ra2 Be6 16. Rd2 Bf8
17. Kf1 h5 18. Rd3 Ne8 19. Kg2 Nc7 20. Qd2 Na6 21. Na2 Nc5
22. Bxc5 dxc5 23. Rd1 Rdb8 24. Nc3 Kh7 25. e3 Qc7 26. Kh2 Qb6
27. Na2 Qc7 28. Nc3 Qb6 29. Na2 Qc7 30. Nc3 1/2-1/2

[Event "Bergen Chess International"]
[Site "Bergen NOR"]
[Date "2001.08.10"]
[EventDate "2001.08.04"]
[Round "7"]
[Result "1-0"]
[White "Magne Sagafos"]
[Black "Alexander R Flaata"]
[WhiteElo "2208"]
[BlackElo "2097"]
[PlyCount "49"]

1. e4 c5 2. Nf3 Nc6 3. d4 cxd4 4. Nxd4 Nf6 5. Nc3 e5 6. Ndb5
d6 7. Bg5 a6 8. Na3 b5 9. Bxf6 gxf6 10. Nd5 f5 11. c3 Bg7
12. Bd3 O-O 13. O-O fxe4 14. Bxe4 f5 15. Nb4 fxe4 16. Qd5+ Kh8
17. Qxc6 Qg5 18. Qxa8 Bg4 19. f4 exf3 20. Qe4 Rf4 21. Qe3 e4
22. g3 Be5 23. Nd5 f2+ 24. Rxf2 Bf3 25. Nxf4 1-0

[Event "Bergen Chess International"]
[Site "Bergen NOR"]
[Date "2001.08.10"]
[EventDate "2001.08.04"]
[Round "7"]
[Result "1/2-1/2"]
[White "Roy Harald Fyllingen"]
[Black "Lars Schandorff"]
[WhiteElo "2389"]
[BlackElo "2551"]
[PlyCount "89"]

1. d4 Nf6 2. Nf3 d5 3. g3 c6 4. Bg2 Bg4 5. Ne5 Bh5 6. Nd2 e6
7. O-O Nbd7 8. Nd3 Bd6 9. c4 O-O 10. c5 Bc7 11. Nf3 Bxf3
12. exf3 b6 13. f4 bxc5 14. dxc5 Qb8 15. Re1 a5 16. Be3 e5
17. fxe5 Nxe5 18. Bd4 Nfd7 19. Bh3 Nxd3 20. Qxd3 Ne5 21. Qc3
f6 22. f4 Ng6 23. Bd7 Ra6 24. Qd3 Qb7 25. Be6+ Kh8 26. Bf5 Bd8
27. Bxg6 hxg6 28. Qxg6 Qb4 29. Rad1 Ra7 30. Re8 Kg8 31. Kg2
Be7 32. a3 Qc4 33. Re1 Qxd4 34. R8xe7 Rxe7 35. Rxe7 Qxb2+
36. Kh3 f5 37. Qxc6 Rf6 38. Re6 Kh7 39. Rxf6 gxf6 40. Qxd5 Kg6
41. c6 Qe2 42. Qg8+ Kh6 43. Qf8+ Kg6 44. Qg8+ Kh6 45. Qh8+
1/2-1/2

[Event "Bergen Chess International"]
[Site "Bergen NOR"]
[Date "2001.08.10"]
[EventDate "2001.08.04"]
[Round "7"]
[Result "0-1"]
[White "Throstur Thorhallsson"]
[Black "Joanna Dworakowska"]
[WhiteElo "2456"]
[BlackElo "2350"]
[PlyCount "80"]

1. e4 c5 2. Nf3 d6 3. d4 cxd4 4. Nxd4 Nf6 5. Nc3 a6 6. Be3 e5
7. Nb3 Be6 8. Qd2 Nbd7 9. f3 Be7 10. g4 O-O 11. O-O-O Qc7
12. h4 Rfc8 13. g5 Nh5 14. Bh3 a5 15. a4 Nb6 16. Bxb6 Qxb6
17. Kb1 Nf4 18. Bg4 Qb4 19. h5 b5 20. Nxb5 Qxa4 21. Nc3 Qc4
22. Nd5 Nxd5 23. Bxe6 fxe6 24. exd5 a4 25. Na1 a3 26. b3 a2+
27. Kb2 Qa6 28. c3 Qa3+ 29. Kc2 Ra5 30. dxe6 Rac5 31. g6 h6
32. Rhe1 Bg5 33. Qd3 Bf6 34. Re4 d5 35. Ra4 Rxc3+ 36. Qxc3
Rxc3+ 37. Kxc3 e4+ 38. Kd2 Qb2+ 39. Nc2 Qc3+ 40. Ke2 Qxf3+ 0-1

[Event "Bergen Chess International"]
[Site "Bergen NOR"]
[Date "2001.08.10"]
[EventDate "2001.08.04"]
[Round "7"]
[Result "0-1"]
[White "Arn Tore Haugsdal"]
[Black "Henrik Sorensen"]
[WhiteElo "2144"]
[BlackElo "2245"]
[PlyCount "56"]

1. e4 c5 2. c3 d5 3. exd5 Qxd5 4. d4 Nc6 5. Nf3 e5 6. Be3 cxd4
7. cxd4 Bg4 8. Nc3 Bb4 9. Be2 exd4 10. O-O Bxc3 11. bxc3 d3
12. c4 Qxc4 13. Bxd3 Qd5 14. Qc2 Bxf3 15. gxf3 Nf6 16. Bc5
O-O-O 17. Bf5+ Kb8 18. Rab1 Rhe8 19. Be3 Ne5 20. Bf4 Ka8
21. Rfd1 Nxf3+ 22. Kf1 Nd4 23. Kg1 Qxf5 24. Qb2 Qe4 25. Rxd4
Rxd4 26. Be3 Qg4+ 27. Kf1 Rd1+ 28. Rxd1 Qxd1+ 0-1

[Event "Bergen Chess International"]
[Site "Bergen NOR"]
[Date "2001.08.10"]
[EventDate "2001.08.04"]
[Round "7"]
[Result "1/2-1/2"]
[White "Kjetil A Lie"]
[Black "Vladimir Georgiev"]
[WhiteElo "2347"]
[BlackElo "2584"]
[PlyCount "104"]

1. c4 g6 2. g3 Bg7 3. Bg2 Nf6 4. Nc3 O-O 5. d3 d6 6. Bg5 h6
7. Bd2 c6 8. e4 Nbd7 9. Nge2 Ne5 10. Bc1 Rb8 11. f4 Ned7
12. Be3 a6 13. h3 b5 14. cxb5 axb5 15. b4 e5 16. O-O d5
17. exd5 cxd5 18. Nxd5 Nxd5 19. Bxd5 Nb6 20. Bg2 Bf5 21. d4
Nd5 22. Bxd5 exd4 23. Bxd4 Qxd5 24. Bxg7 Qxd1 25. Rfxd1 Kxg7
26. g4 Be6 27. Nd4 Bc4 28. a4 bxa4 29. Rxa4 Rfd8 30. Raa1 Rd5
31. Nc2 Rdb5 32. Rab1 Ba2 33. Rb2 Be6 34. Nd4 Rxb4 35. Nxe6+
fxe6 36. Rxb4 Rxb4 37. Rf1 Kf6 38. Kg2 Rb3 39. Rf3 Rb1 40. Kg3
Rd1 41. Kg2 Re1 42. Kf2 Ra1 43. Kg3 Rd1 44. Kg2 Ke7 45. f5
exf5 46. gxf5 g5 47. Re3+ Kf7 48. Re6 Rd2+ 49. Kf3 Rd3+
50. Kg2 Kg7 51. Re7+ Kg8 52. Re6 Kg7 1/2-1/2

[Event "Bergen Chess International"]
[Site "Bergen NOR"]
[Date "2001.08.10"]
[EventDate "2001.08.04"]
[Round "7"]
[Result "0-1"]
[White "Yves Miellet-Bensan"]
[Black "Nikola Mitkov"]
[WhiteElo "2243"]
[BlackElo "2547"]
[PlyCount "52"]

1. e4 e5 2. Nc3 Bc5 3. Bc4 Nf6 4. d3 O-O 5. f4 exf4 6. Bxf4 c6
7. Bb3 d5 8. d4 Bb4 9. e5 Ne4 10. Qf3 Qh4+ 11. g3 Qg4 12. Qxg4
Bxg4 13. h3 Be6 14. Nge2 a5 15. a3 Bxc3+ 16. Nxc3 Nxc3
17. bxc3 a4 18. Ba2 Nd7 19. Rb1 b5 20. Kd2 f6 21. exf6 Nxf6
22. Rbe1 Rae8 23. Kc1 Bf5 24. Be5 Ne4 25. g4 Bg6 26. h4 h6 0-1

[Event "Bergen Chess International"]
[Site "Bergen NOR"]
[Date "2001.08.10"]
[EventDate "2001.08.04"]
[Round "7"]
[Result "1-0"]
[White "Dennis Wallin"]
[Black "Anita Gronnestad"]
[WhiteElo "2192"]
[BlackElo "2007"]
[PlyCount "47"]

1. d4 d5 2. c4 c6 3. Nc3 Nf6 4. Bg5 e6 5. e3 Be7 6. Nf3 Nbd7
7. Rc1 O-O 8. Bd3 dxc4 9. Bxc4 Nd5 10. Bxe7 Qxe7 11. Bd3 Nxc3
12. bxc3 e5 13. Qc2 h6 14. Bf5 exd4 15. cxd4 Nf6 16. O-O Nd5
17. Bxc8 Raxc8 18. Qa4 Rfe8 19. Rc2 Ra8 20. Rb1 Red8 21. Ne5
f5 22. Qb3 Rab8 23. Rcb2 Kh7 24. Qd3 1-0